000 00733nam a2200217Ia 4500
999 _c38290
_d38290
001 4300
003 GE_BSU
005 20191010114053.0
008 181216s1977||||ge |||||||||||||| ||geo||
040 _cGE_BSU
041 _ageo
080 _a304(479.223) პ-18
100 _aპაპუნიძე, ვ.
_92537
245 _aსაბჭოთა აჭარა /
_cრედ. რ. ჩოჩიევი.
264 _aთბ. :
_bცოდნა,
_c1977.
300 _a48 გვ.;
_b20 სმ.
490 _aსერია 7
653 _aკომუნისტური მშენებლობა აჭარაში
700 _a ჩოჩიევი, რ.
_eრედაქტორი
_94664
942 _cBK
_2udc